000 00443cam a22001575a 4500
001 J100981
008 000000s1932 xxk 000 0 eng u
035 _a(Sirsi) u100981
110 _aAuctioneers' and Estate Agents' Institute of the United Kingdom
_93789
245 _aPreliminary examination questions January 1932.
260 _c1932
300 _a15p.
651 4 _aUnited Kingdom
_y
690 _aBusiness and management
942 _n0
999 _c99965
_d99965